000 00929 a2200217 4500
003 Nust
005 20170207152318.0
010 _a 98047110
020 _a9814035181
040 _cNust
082 0 0 _a004.6
100 1 _aComer, Douglas.
245 1 0 _aComputer networks and internets /
_cDouglas E. Comer.
250 _a2nd ed.
260 _aUpper Saddle River, N.J. :
_bPrentice Hall,
_cc1999.
300 _axxiii, 583 p. :
_bill. ;
_c25 cm. +
_e1 computer laser optical disc (4 3/4 in.)
500 _aThe Future IP Page 287, An Error Reporting Mechanism Page 299, TCP Page 309, Client-Server Interaction Page 323, The Socket Interface Page 337
505 _aExamples of a Client and a Server Page 351, Naming with the Domain Name System Page 365, Electronic Mail Representation and Transfer Page 381, File Transfer and Remote File Access Page 397.
538 _aAlmirah No.20 Shelf No.4
650 0 _aTelecommunication Engineering.
942 _cREF
999 _c174796
_d174796